Kiến trúc thế kỷ XX

Sách cung cấp một bình diện rộng kiến thức về kiến trúc hiện đại suốt một thế kỷ từ những trường phái ở đầu thế kỷ cho đến trào lưu High - Tech và Hậu hiện đại cuối thế kỷ, với một trình tự từ Tây sang Đông, bao gồm hầu hết...

全面介绍

Đã lưu trong:
书目详细资料
主要作者: Đặng Thái Hoàng
格式: 图书
语言:Undetermined
出版: Hà Nội KHKT 1998
主题:
标签: 添加标签
没有标签, 成为第一个标记此记录!
Thư viện lưu trữ: Trung tâm Học liệu Trường Đại học Cần Thơ
LEADER 01131nam a2200205Ia 4500
001 CTU_22237
008 210402s9999 xx 000 0 und d
020 |b 24,000đ 
082 |a 720 
082 |b H407 
100 |a Đặng Thái Hoàng 
245 0 |a Kiến trúc thế kỷ XX 
245 0 |c Đặng Thái Hoàng 
260 |a Hà Nội 
260 |b KHKT 
260 |c 1998 
520 |a Sách cung cấp một bình diện rộng kiến thức về kiến trúc hiện đại suốt một thế kỷ từ những trường phái ở đầu thế kỷ cho đến trào lưu High - Tech và Hậu hiện đại cuối thế kỷ, với một trình tự từ Tây sang Đông, bao gồm hầu hết các sự kiện quan trọng và các nhân vật chủ chốt trong kiến trúc thế kỷ XX như Le Corbusier, Walter Gropius, Frank Lloyd Wright, Kanzo Tange, Fumihiko Maki, Richard Meier... 
650 |a architecture,buildings 
904 |i Minh, 980408 
980 |a Trung tâm Học liệu Trường Đại học Cần Thơ